000 00994cab a2200265 4500
001 ABS43747
008 090401t1990 xxu||||| |||| 00| 0 eng d
035 _a(Sirsi) u43326
041 _aeng
100 _aBond, M.
245 _aPatten promises government backing for national forest
260 _c1990
350 _a0
490 _aChartered Surveyor Weekly
_v33(6) 8 November 1990, 90-91(2)
520 _aLooks at proposals for a new national forest scheme planned by the Countryside Commission in the Midlands covering an area around Derby , Leicester Tamworth Lichfield and Uttoxeter for which the Government has pledged financial support to help with the acquisition of land. Scheme opposed by some landowners and farmers .
650 _aALTERNATIVE LAND USE
650 _aCOMMUNITY FORESTS
650 _aFARMLAND
650 _aFORESTATION
650 _aFORESTRY COMMISSION
650 _aRURAL ECONOMY
690 _aRURAL PRACTICE
942 _n0
948 _c04/03/1997
999 _c27684
_d27684